| 000 | 00525cam a2200181 a 4500 | ||
|---|---|---|---|
| 020 | _a007049116X | ||
| 040 | _cDLC | ||
| 082 | 0 | 0 | _a005 MCG 1997 A002 Or. |
| 100 | 1 | _aO'Leary, Timothy J., | |
| 245 | 1 | 0 | _aMicrosoft Works 4.0 for Windows 95 / |
| 246 | 3 | 0 | _aMicrosoft Works four point zero for Windows |
| 260 |
_a[San Francisco] : _bMcGraw-Hill, _cc1997. |
||
| 300 |
_aiv, 580 p. : _bill. (some col.) ; _c26 cm. |
||
| 500 | _aIncludes index. | ||
| 650 | 0 | _aIntegrated software. | |
| 700 | 1 | _aO'Leary, Linda I. | |
| 942 | _cEK | ||
| 999 |
_c16492 _d16492 |
||